Wordt geladen...

T P Sukumarante niroopanadarsanam: sahithyaniroopanam,samskarapadanam ennivaye munnirthiyulla apagradanam/

Bibliografische gegevens
Hoofdauteur: Jaseela,P.K
Formaat: Dissertation
Taal:Malayalam
Gepubliceerd in: Calicut University: Department of Malayalam, 2017.
LEADER 00517nam a22001217a 4500
008 170606b xxu||||| |||| 00| 0 mal d
100 |a Jaseela,P.K. 
245 |a T P Sukumarante niroopanadarsanam:  |b sahithyaniroopanam,samskarapadanam ennivaye munnirthiyulla apagradanam/  |c Jaseela,P.K. 
260 |a Calicut University:   |b Department of Malayalam,  |c 2017. 
300 |b 143p. 
942 |c MD 
999 |c 236144  |d 236144 
952 |0 0  |1 0  |4 0  |6 146_000000000000000  |7 0  |9 262121  |a MAL  |b MAL  |c ST1  |d 2017-06-06  |l 0  |o 146  |p MALNB754  |r 2017-06-06  |w 2017-06-06  |y MD